Avià i la caça / Josep Rafart Canals
ISBN:
84-932012-1-9
Descripción Física:
143 p. : fot. ; 24 cm
Colección:
El Roc tou ; 2
Otros Autores:
Centre d'Estudis d'Avià
MARC
| LEADER | 00000nam a2200000Ia 4500 | ||
|---|---|---|---|
| 001 | 21314 | ||
| 008 | 160829s2002 xx 000 0 cat d | ||
| 020 | |a 84-932012-1-9 | ||
| 080 | |a M-6-177 | ||
| 100 | |a Rafart i Canals, Josep |9 41018 | ||
| 245 | |a Avià i la caça / Josep Rafart Canals | ||
| 260 | |a Avià : |b Centre d'Estudis d'Avià, |c 2002 | ||
| 300 | |a 143 p. : |b fot. ; |c 24 cm | ||
| 490 | |a El Roc tou ; 2 | ||
| 590 | |a Edició patrocinada pel Patronat Flor de Maig de la Diputació de Barcelona i l'Ajuntament d'Avià | ||
| 650 | |a Caça |x Avià |9 43261 | ||
| 650 | |a Avià |x Història local |9 41020 | ||
| 700 | |a Centre d'Estudis d'Avià |9 41028 | ||
| 710 | 1 | |a Avià (Catalunya). |b Ajuntament |9 53089 | |
| 710 | |a Patronat Flor de Maig |9 4512 | ||
| 901 | |a Arxiu | ||
| 942 | |n 1 | ||
| 952 | |0 0 |1 0 |4 0 |6 M6177 |7 1 |9 51306 |a Arxiu |b Arxiu |d 2016-12-01 |l 0 |o M-6-177 |p 21314 |r 2016-12-01 00:00:00 |w 2016-12-01 |y ARXIU | ||
| 999 | |c 55150 |d 55150 | ||